| 000 | 00973nac a22003017a 4500 | ||
|---|---|---|---|
| 001 | BR9705570 | ||
| 003 | BR-BrBNA | ||
| 005 | 20240105121953.0 | ||
| 008 | 230509b bl.|||m| |||| 00| 0 por d | ||
| 040 |
_aBR-BrBNA _bpor _cBiblioteca Nacional de Agricultura |
||
| 072 | _aL01; L02 | ||
| 090 | _a5240 BR9705570 | ||
| 100 | 1 | _aBarros, N.N. | |
| 100 | 1 | _aSimplicio, A.A. | |
| 100 | 1 | _aFernandes, F.D. | |
| 110 | 1 |
_aCentro Nacional de Pesquisa de Caprinos, Sobral, CE (Brasil) _91759 |
|
| 245 | 1 | _aTerminacao de borregos em confinamento no nordeste do Brasil | |
| 260 | 3 |
_aSobral, CE (Brasil): _c1997. |
|
| 300 | _a24 p. | ||
| 490 |
_aCircular Tecnica - Centro Nacional de Pesquisa de Caprinos (Brazil) _vno. 12 _xISSN 0100-8269 |
||
| 500 | _a14 ref.; 8 tables; Summaries (En, Pt) | ||
| 650 | _aOvelha | ||
| 650 | _aConfinamento | ||
| 650 | _aGanho de Peso | ||
| 650 | _aNordeste | ||
| 909 |
_a202312 _bLúcia Elande _c55 _dLúcia Elande |
||
| 942 |
_2AGRIS _n0 _cMS |
||
| 999 |
_c288506 _d288506 |
||